Exploring the New Testament world / (Record no. 1114)

MARC details
000 -LEADER
fixed length control field 00741fam a2200265 a 4500
005 - DATE AND TIME OF LATEST TRANSACTION
control field 20260322212047.0
008 - FIXED-LENGTH DATA ELEMENTS--GENERAL INFORMATION
fixed length control field data
010 ## - LIBRARY OF CONGRESS CONTROL NUMBER
LC control number 98008168
020 ## - INTERNATIONAL STANDARD BOOK NUMBER
International Standard Book Number 0785214240
020 ## - INTERNATIONAL STANDARD BOOK NUMBER
International Standard Book Number 9780785214243
040 ## - CATALOGING SOURCE
Original cataloging agency DLC
Transcribing agency DLC
Modifying agency CtY-D
050 00 - LIBRARY OF CONGRESS CALL NUMBER
Classification number BS2410
Item number .B355 1998
079 ## -
-- ocm39162240
082 00 - DEWEY DECIMAL CLASSIFICATION NUMBER
Classification number 225.9/5
Edition information 21
092 ## - LOCALLY ASSIGNED DEWEY CALL NUMBER (OCLC)
Classification number 225.9 Bel 1998
001 - CONTROL NUMBER
control field data
100 1# - MAIN ENTRY--PERSONAL NAME
Personal name Bell, Albert A.,
Dates associated with a name 1945-
245 10 - TITLE STATEMENT
Title Exploring the New Testament world /
Statement of responsibility, etc. Albert A. Bell.
260 ## - PUBLICATION, DISTRIBUTION, ETC.
Place of publication, distribution, etc. Nashville :
Name of publisher, distributor, etc. T. Nelson Publishers,
Date of publication, distribution, etc. 1998.
300 ## - PHYSICAL DESCRIPTION
Extent xiv, 322 p. :
Other physical details ill. ; 24 cm.
504 ## - BIBLIOGRAPHY, ETC. NOTE
Bibliography, etc. note Includes bibliographical references and index.
630 00 - SUBJECT ADDED ENTRY--UNIFORM TITLE
Uniform title Bible.
Name of part/section of a work N.T.
General subdivision History of contemporary events.
927 ## -
-- 9810RO
928 ## -
-- AC042999
Holdings
Withdrawn status Lost status Damaged status Not for loan Home library Current library Shelving location Date acquired Total checkouts Full call number Barcode Date last seen Price effective from Koha item type
        Institut Protestant de Théologie Institut Protestant de Théologie General stacks 22/03/2026   225.9/5 21 BC0011150 22/03/2026 22/03/2026 Books